01417nam a2200301 a 4500008004100000020001800041050001400059100001600073245014200089246003200231260004200263300003000305350001000335650003400345650004600379650006700425650003900492650006200531650006200593650003400655700001900689700001900708700002600727700001700753995017400770995015400944999001701098201117s2012 ||||||||||||||||| || u a9780198390169 aD 358 Hab aKeys, David10aHistory of Europe and the Middle East : course companion cBy Mariam Habibi; Peyman Jafari; Richard Jones-Nerzic; David Keys; David Smith aOxford IB diploma programme aOxfordbOxford University Pressc2012 a440 pages : illustrations a61.32 aEUROPE--HISTORY--19TH CENTURY aINTERNATIONAL BACCALAUREATE--STUDY GUIDES aMIDDLE EAST--HISTORY--20TH CENTURY--EXAMINATIONS--STUDY GUIDES aMIDDLE EAST--HISTORY--20TH CENTURY aEUROPE--HISTORY--20TH CENTURY--EXAMINATIONS--STUDY GUIDES aEUROPE--HISTORY--19TH CENTURY--EXAMINATIONS--STUDY GUIDES aEUROPE--HISTORY--20TH CENTURY aHabibi, Mariam aJafari, Peyman aJones-Nerzic, Richard aSmith, David aMEDICAL LIBRARY OPEN ACCESSe905183FCBU-SCHOOL OF MEDICINE LIBRARY (Ndola)I61.32jD 358 HabM1UAVAILABLEWNov 23, 2020y905183ZMedical Library Open Access Collection aMAIN LIBRARY OPEN ACCESSe750568FCBU-MAIN LIBRARY (Kitwe)I61.32jD 358 HabM2UAVAILABLEWDec 10, 2020y750568ZMain Library Open Access Collection c76309d76309